[Event "22ème Open de Saint-Affrique"]
[Site "Saint Affrique (12)"]
[Date "2014.07.19"]
[Round "1.30"]
[White "Antos, Claude"]
[Black "Bouguerra, Tayeb"]
[Result "0-1"]
[WhiteElo "1499"]
[BlackElo "1906"]
[PlyCount "46"]
[EventDate "2014.??.??"]
[Source "Sylvain Rivier"]
[SourceDate "2014.07.26"]

1. e4 d6 2. Nf3 Nf6 3. Bd3 e5 4. Nc3 Be7 5. b3 Nbd7 6. a4 Nc5 7. Bc4 Nfxe4 8.
Nxe4 Nxe4 9. d3 Nf6 10. Ng5 d5 11. Bxd5 Qxd5 12. O-O O-O 13. c4 Qd8 14. Re1 Bc5
15. Rxe5 Bd4 16. Bf4 Bxa1 17. Qxa1 Qxd3 18. Re3 Qf5 19. Rf3 h6 20. Nh3 Qd7 21.
Qb1 Rd8 22. Bxh6 Qd1+ 23. Qxd1 Rxd1# 0-1

[Event "22ème Open de Saint-Affrique"]
[Site "Saint Affrique (12)"]
[Date "2014.07.19"]
[Round "1.31"]
[White "Navarro, Robin"]
[Black "Fosse, Jean-Claude"]
[Result "1-0"]
[WhiteElo "1906"]
[BlackElo "1465"]
[PlyCount "45"]
[EventDate "2014.??.??"]
[Source "Sylvain Rivier"]
[SourceDate "2014.07.26"]

1. d4 Nf6 2. Bf4 c5 3. e3 cxd4 4. exd4 d5 5. c3 Nc6 6. Bd3 Bg4 7. Qb3 Qd7 8.
Nd2 e6 9. Ngf3 Na5 10. Qc2 Nc6 11. a4 Bd6 12. Ne5 Bxe5 13. Bxe5 Nxe5 14. dxe5
Bf5 15. exf6 Bxd3 16. fxg7 Rg8 17. Qxd3 Rxg7 18. O-O Ke7 19. Qb5 a6 20. Qb4+
Kf6 21. Qh4+ Kg6 22. Nf3 Qd6 23. Qg5# 1-0

[Event "22ème Open de Saint-Affrique"]
[Site "Saint Affrique (12)"]
[Date "2014.07.19"]
[Round "1.32"]
[White "Petit, Jimmy"]
[Black "Grosse, Ludovic"]
[Result "0-1"]
[WhiteElo "1459"]
[BlackElo "1903"]
[PlyCount "42"]
[EventDate "2014.??.??"]
[Source "Sylvain Rivier"]
[SourceDate "2014.07.26"]

1. Nf3 g6 2. d4 Bg7 3. c4 c5 4. Nc3 cxd4 5. Nxd4 Nc6 6. Nxc6 bxc6 7. Bf4 e5 8.
Bg3 f5 9. e3 Qe7 10. Be2 Nf6 11. O-O O-O 12. f3 d5 13. Bf2 Be6 14. a3 Nd7 15.
e4 f4 16. b4 g5 17. h3 Rf7 18. b5 c5 19. a4 Bf8 20. a5 h5 21. Nxd5 Qd8 0-1

[Event "22ème Open de Saint-Affrique"]
[Site "Saint Affrique (12)"]
[Date "2014.07.19"]
[Round "1.33"]
[White "Penalver, Marion"]
[Black "Leost, Joel"]
[Result "1-0"]
[WhiteElo "1901"]
[BlackElo "1445"]
[PlyCount "65"]
[EventDate "2014.??.??"]
[Source "Sylvain Rivier"]
[SourceDate "2014.07.26"]

1. e4 c5 2. Nf3 Nc6 3. d4 cxd4 4. Nxd4 a6 5. Nc3 e5 6. Nb3 d6 7. a4 Nf6 8. Bg5
Be6 9. Bxf6 Qxf6 10. Nd5 Qd8 11. Be2 Be7 12. O-O O-O 13. Qd3 f5 14. f3 f4 15.
Rfd1 Bxd5 16. Qxd5+ Kh8 17. a5 Rf6 18. c3 Qc8 19. Nd2 Rg6 20. Kh1 Qf8 21. Nc4
Qf6 22. Nb6 Qg5 23. Rg1 Rh6 24. h3 Qg3 25. Bf1 Rd8 26. b4 Bh4 27. Rd1 Qf2 28.
Rd2 Qe3 29. Rd3 Qf2 30. Nc4 Bg3 31. Rd2 Qa7 32. Nb6 Qb8 33. Bc4 1-0

[Event "22ème Open de Saint-Affrique"]
[Site "Saint Affrique (12)"]
[Date "2014.07.19"]
[Round "1.34"]
[White "Gachon, Maxence"]
[Black "Carno, Matthias"]
[Result "1/2-1/2"]
[WhiteElo "1442"]
[BlackElo "1897"]
[PlyCount "82"]
[EventDate "2014.??.??"]
[Source "Sylvain Rivier"]
[SourceDate "2014.07.26"]

1. d4 g6 2. c4 Bg7 3. Nc3 d6 4. e4 Nf6 5. f4 O-O 6. Nf3 c5 7. d5 e6 8. Be2 Re8
9. Qc2 exd5 10. cxd5 a6 11. a4 a5 12. O-O Na6 13. Bxa6 Rxa6 14. Re1 b6 15. Nd2
Ng4 16. Nc4 Nxh2 17. Nb5 Qh4 18. Qf2 Qxf2+ 19. Kxf2 Ng4+ 20. Kg3 Re7 21. Nbxd6
Bd7 22. Nb5 Nf6 23. Nc3 Nh5+ 24. Kf3 Bxc3 25. bxc3 Nf6 26. Bb2 b5 27. axb5 Bxb5
28. Rxa5 Bxc4 29. Rxc5 Bxd5 30. c4 Bxe4+ 31. Rxe4 Rxe4 32. Bxf6 Re8 33. Re5
Rxe5 34. Bxe5 Rc6 35. g4 Rxc4 36. g5 Kf8 37. Kg3 Ke7 38. Kg4 Ke6 39. Bg7 Rc1
40. Kg3 Rg1+ 41. Kh4 Kf5 1/2-1/2

[Event "22ème Open de Saint-Affrique"]
[Site "Saint Affrique (12)"]
[Date "2014.07.19"]
[Round "1.35"]
[White "Lazov, Stefan"]
[Black "Salvador, Lucie"]
[Result "1-0"]
[WhiteElo "1894"]
[BlackElo "1437"]
[PlyCount "39"]
[EventDate "2014.??.??"]
[Source "Sylvain Rivier"]
[SourceDate "2014.07.26"]

1. e4 e5 2. Nf3 Nc6 3. Bc4 Bc5 4. c3 Qe7 5. O-O Nf6 6. d3 d6 7. a4 Bg4 8. b4 d5
9. exd5 e4 10. dxc6 Bd6 11. dxe4 Rd8 12. Qe2 h5 13. e5 Bxf3 14. exf6 Bxe2 15.
fxe7 Bxf1 16. exd8=Q+ Kxd8 17. Kxf1 bxc6 18. Bg5+ Be7 19. Bf6 Bxf6 20. Nd2 1-0

[Event "22ème Open de Saint-Affrique"]
[Site "Saint Affrique (12)"]
[Date "2014.07.19"]
[Round "1.36"]
[White "Guerin, Tristan"]
[Black "Aubry, Fabien"]
[Result "0-1"]
[WhiteElo "1417"]
[BlackElo "1884"]
[PlyCount "116"]
[EventDate "2014.??.??"]
[Source "Sylvain Rivier"]
[SourceDate "2014.07.26"]

1. e4 Nf6 2. e5 Nd5 3. d4 d6 4. exd6 exd6 5. Bc4 Nf6 6. Nf3 Be7 7. O-O Bg4 8.
Nc3 O-O 9. h3 Bh5 10. Be3 d5 11. Bb3 c6 12. Na4 Ne4 13. c4 b5 14. cxb5 cxb5 15.
Nc3 Nxc3 16. bxc3 Nc6 17. Bc2 Bg6 18. Bd3 Bxd3 19. Qxd3 a6 20. a4 bxa4 21. Rxa4
a5 22. Qb5 Qd6 23. Rc1 Rfb8 24. Qe2 Rb3 25. c4 Rab8 26. Ra2 Rb1 27. c5 Qc7 28.
Qd2 Qb7 29. Bf4 Rxc1+ 30. Qxc1 Qb1 31. Ra1 Qxc1+ 32. Rxc1 Rb4 33. Bd2 Rb5 34.
Ra1 f6 35. Bc3 Kf7 36. Kf1 Bd8 37. Ke2 Rb7 38. Nd2 Ra7 39. Nb3 a4 40. Nc1 Ba5
41. Bxa5 Rxa5 42. Nd3 Nxd4+ 43. Kd1 Ke6 44. Nb2 a3 45. Nd3 Ra4 46. c6 Kd6 47.
Rc1 Nxc6 48. Nc5 Rd4+ 49. Ke2 Rb4 50. Nd3 Ra4 51. Nc5 Ra7 52. Nb3 a2 53. Na1
Rb7 54. Rc2 Nd4+ 55. Kd2 Nxc2 56. Kxc2 Rb1 57. Kc3 Rxa1 58. Kb2 Rc1 0-1

[Event "22ème Open de Saint-Affrique"]
[Site "Saint Affrique (12)"]
[Date "2014.07.19"]
[Round "1.37"]
[White "Lafitte, Luc"]
[Black "Meyer, Bernard"]
[Result "1-0"]
[WhiteElo "1867"]
[BlackElo "1397"]
[PlyCount "55"]
[EventDate "2014.??.??"]
[Source "Sylvain Rivier"]
[SourceDate "2014.07.26"]

1. e4 e6 2. d4 d5 3. exd5 exd5 4. Be3 Nf6 5. Nf3 Bg4 6. Bd3 Nbd7 7. Nbd2 c5 8.
O-O cxd4 9. Bxd4 Be7 10. h3 Bh5 11. c3 O-O 12. Re1 Re8 13. Bb5 a6 14. Ba4 h6
15. Re3 b5 16. Bc2 Rc8 17. Nf1 Bd6 18. Rxe8+ Qxe8 19. Ne3 Bc5 20. g4 Bg6 21.
Bxg6 fxg6 22. a4 g5 23. axb5 axb5 24. Qd3 Bd6 25. Nf5 Bf4 26. Re1 Ne4 27. Qxb5
Rb8 28. Qxd5+ 1-0

[Event "22ème Open de Saint-Affrique"]
[Site "Saint Affrique (12)"]
[Date "2014.07.19"]
[Round "1.38"]
[White "Gaubert, Cedric"]
[Black "Arcusa, Michel"]
[Result "0-1"]
[WhiteElo "1384"]
[BlackElo "1865"]
[PlyCount "56"]
[EventDate "2014.??.??"]
[Source "Sylvain Rivier"]
[SourceDate "2014.07.26"]

1. d4 Nf6 2. Nf3 e6 3. Bf4 b6 4. e3 Bb7 5. Be2 Bb4+ 6. c3 Be7 7. Qb3 d6 8. Nbd2
Nbd7 9. O-O Nh5 10. Rad1 Nxf4 11. exf4 c5 12. dxc5 Nxc5 13. Bb5+ Kf8 14. Qc2 a6
15. Be2 g6 16. b4 Nd7 17. Nc4 Qc7 18. Qd3 Nf6 19. Nxd6 Rd8 20. Qd4 Rxd6 21. Qe5
Rc6 22. Rd3 Qxe5 23. fxe5 Nd5 24. a3 Nf4 25. Re3 Nxe2+ 26. Rxe2 Rxc3 27. b5
Rxa3 28. Rc2 Bc5 0-1

[Event "22ème Open de Saint-Affrique"]
[Site "Saint Affrique (12)"]
[Date "2014.07.19"]
[Round "1.40"]
[White "Zachary, Bastian"]
[Black "Baudewyn, Ludovic"]
[Result "0-1"]
[WhiteElo "1360"]
[BlackElo "1843"]
[PlyCount "56"]
[EventDate "2014.??.??"]
[Source "Sylvain Rivier"]
[SourceDate "2014.07.26"]

1. d4 e6 2. c4 Nf6 3. e3 b6 4. Be2 Bb7 5. Nf3 d6 6. O-O Nbd7 7. Nc3 Be7 8. b3
O-O 9. Ba3 Re8 10. d5 Nc5 11. dxe6 Nxe6 12. Nd4 Ng5 13. Nf5 Bf8 14. Qd3 g6 15.
Nh4 Bg7 16. Rac1 Nd7 17. Qd1 Ne4 18. Nxe4 Qxh4 19. Nc3 Be5 20. h3 Nf6 21. Bf3
c6 22. Qd3 Rad8 23. Ne4 Nxe4 24. Bxe4 Bg7 25. Bf3 Be5 26. Kh1 Bc8 27. Qe4 Qh6
28. Kg1 Bh2+ 0-1

[Event "22ème Open de Saint-Affrique"]
[Site "Saint Affrique (12)"]
[Date "2014.07.19"]
[Round "1.41"]
[White "Van Lerberghe, Luc"]
[Black "Nguyen, Noam"]
[Result "1-0"]
[WhiteElo "1830"]
[BlackElo "1350"]
[PlyCount "55"]
[EventDate "2014.??.??"]
[Source "Sylvain Rivier"]
[SourceDate "2014.07.26"]

1. e4 e6 2. d4 d5 3. Nc3 c5 4. Nf3 Nc6 5. exd5 exd5 6. h3 Nf6 7. Bg5 b6 8. Bb5
Bd7 9. Nxd5 Be7 10. Bxf6 Bxf6 11. Qe2+ Be7 12. O-O-O O-O 13. Bxc6 Bxc6 14.
Nxe7+ Kh8 15. Nxc6 Qd6 16. Nce5 f6 17. Nc4 Qd5 18. Kb1 b5 19. Ne3 Qc6 20. d5
Qb6 21. Rhe1 Rfe8 22. Qd3 b4 23. Nc4 Qb5 24. Rxe8+ Qxe8 25. d6 Rd8 26. d7 Qe6
27. Qd5 Qe2 28. Re1 1-0

[Event "22ème Open de Saint-Affrique"]
[Site "Saint Affrique (12)"]
[Date "2014.07.19"]
[Round "1.42"]
[White "Grimault, Nathan"]
[Black "Fabre, Jean-Michel"]
[Result "1-0"]
[WhiteElo "1820"]
[BlackElo "1337"]
[PlyCount "35"]
[EventDate "2014.??.??"]
[Source "Sylvain Rivier"]
[SourceDate "2014.07.26"]

1. d4 d5 2. c4 e6 3. Nc3 c5 4. cxd5 exd5 5. dxc5 Nf6 6. Bg5 Be6 7. e3 Be7 8.
Nf3 O-O 9. Be2 Nc6 10. O-O Nd7 11. Bxe7 Qxe7 12. Nxd5 Qxc5 13. Nc7 Rad8 14.
Nxe6 fxe6 15. Qb3 Rde8 16. Qxb7 Rf7 17. Rac1 Qb6 18. Qxb6 1-0

[Event "22ème Open de Saint-Affrique"]
[Site "Saint Affrique (12)"]
[Date "2014.07.19"]
[Round "1.43"]
[White "Achard-Rozan, Celian"]
[Black "Clair, Michael"]
[Result "0-1"]
[WhiteElo "1330"]
[BlackElo "1806"]
[PlyCount "62"]
[EventDate "2014.??.??"]
[Source "Sylvain Rivier"]
[SourceDate "2014.07.26"]

1. e4 d6 2. d4 Nf6 3. Nc3 e5 4. dxe5 dxe5 5. Qxd8+ Kxd8 6. Bg5 Be6 7. O-O-O+
Nbd7 8. Nf3 Kc8 9. Bb5 c6 10. Ba4 Bb4 11. Bxf6 Nxf6 12. Ng5 Bxc3 13. Nxe6 fxe6
14. f3 Bd4 15. c3 Be3+ 16. Kb1 Rd8 17. Bb3 Rxd1+ 18. Rxd1 Kc7 19. Bxe6 Rd8 20.
Rxd8 Kxd8 21. Kc2 Bg1 22. h3 Nh5 23. Bc4 Ke7 24. Kb3 Kf6 25. g4 Nf4 26. h4 h6
27. Kc2 Ng2 28. h5 Ne1+ 29. Kd1 Nxf3 30. Be2 Ng5 31. Bd3 Nh3 0-1

[Event "22ème Open de Saint-Affrique"]
[Site "Saint Affrique (12)"]
[Date "2014.07.19"]
[Round "1.44"]
[White "Hirschmann, Georges"]
[Black "Durand, Joris"]
[Result "1/2-1/2"]
[WhiteElo "1801"]
[BlackElo "1330"]
[PlyCount "80"]
[EventDate "2014.??.??"]
[Source "Sylvain Rivier"]
[SourceDate "2014.07.26"]

1. d4 c6 2. c4 d5 3. Nf3 Nf6 4. Nc3 Bg4 5. Ne5 e6 6. Nxg4 Nxg4 7. Bf4 Nd7 8. e4
Nb6 9. exd5 cxd5 10. Qxg4 dxc4 11. Be2 Qxd4 12. O-O Bb4 13. Nb5 f5 14. Nxd4
fxg4 15. Nxe6 Nd5 16. Nxg7+ Kf7 17. Be5 Rhg8 18. Bxc4 Rad8 19. Nh5 Rg5 20. f4
Rxh5 21. a3 Bc5+ 22. Kh1 Ke7 23. Bxd5 Rxd5 24. g3 Bd4 25. Bxd4 Rxd4 26. Rf2 Ke6
27. Re1+ Kf6 28. Rfe2 Rhd5 29. Kg2 h5 30. h4 Rd2 31. Kf2 Rxe2+ 32. Rxe2 Rd3 33.
Rc2 Kg6 34. Re2 a6 35. Re6+ Kf5 36. Rb6 Rd2+ 37. Kf1 Rd3 38. Kf2 Rd2+ 39. Ke1
Rd3 40. Kf2 Rd2+ 1/2-1/2

[Event "22ème Open de Saint-Affrique"]
[Site "Saint Affrique (12)"]
[Date "2014.07.19"]
[Round "1.47"]
[White "Grimault, Lou"]
[Black "Claisse, Patrick"]
[Result "0-1"]
[WhiteElo "1317"]
[BlackElo "1788"]
[PlyCount "68"]
[EventDate "2014.??.??"]
[Source "Sylvain Rivier"]
[SourceDate "2014.07.26"]

1. e4 c5 2. Nc3 Nc6 3. Bc4 e6 4. f4 d6 5. Nf3 Nf6 6. d3 Be7 7. O-O O-O 8. Qe1
a6 9. a4 Rb8 10. Kh1 Re8 11. Bd2 Qc7 12. e5 Nd7 13. exd6 Bxd6 14. Qg3 Nf6 15.
Rfe1 b6 16. Ne4 Nxe4 17. dxe4 b5 18. axb5 axb5 19. Ba2 Bb7 20. Bc3 Bf8 21. Ne5
b4 22. Nxc6 Qxc6 23. Bd2 Ra8 24. Re3 Ra7 25. Qe1 Rea8 26. Qb1 c4 27. h3 Bc5 28.
Rg3 Qxe4 29. Kh2 Qe2 30. Be1 Qe4 31. Bd2 Qe2 32. Be1 b3 33. cxb3 cxb3 34. Qc1
Bf8 0-1

[Event "22ème Open de Saint-Affrique"]
[Site "Saint Affrique (12)"]
[Date "2014.07.19"]
[Round "1.48"]
[White "Viguie, Serge"]
[Black "Galy, Christian"]
[Result "1-0"]
[WhiteElo "1783"]
[BlackElo "1314"]
[PlyCount "53"]
[EventDate "2014.??.??"]
[Source "Sylvain Rivier"]
[SourceDate "2014.07.26"]

1. e4 g6 2. d4 Bg7 3. Nc3 d6 4. Be3 a6 5. Qd2 Nd7 6. O-O-O b5 7. f4 Bb7 8. e5
b4 9. Nce2 a5 10. Ng3 Nb6 11. Bd3 Bd5 12. Kb1 Na4 13. Bb5+ Kf8 14. Bxa4 c6 15.
Nf3 e6 16. Ng5 Qe7 17. N5e4 dxe5 18. fxe5 h6 19. Rhf1 Rh7 20. Rf2 f5 21. exf6
Nxf6 22. Nxf6 Bxf6 23. Rxf6+ Kg7 24. Rdf1 e5 25. dxe5 Qxe5 26. Bd4 Qg5 27. Rf8+
1-0

[Event "22ème Open de Saint-Affrique"]
[Site "Saint Affrique (12)"]
[Date "2014.07.19"]
[Round "1.49"]
[White "Cellier-Valencia, Lucie"]
[Black "Penalver, Francois"]
[Result "0-1"]
[WhiteElo "1312"]
[BlackElo "1780"]
[PlyCount "134"]
[EventDate "2014.??.??"]
[Source "Sylvain Rivier"]
[SourceDate "2014.07.26"]

1. e4 c5 2. d4 cxd4 3. Qxd4 Nc6 4. Qa4 e6 5. Nf3 Qc7 6. Nc3 Bb4 7. a3 Bxc3+ 8.
bxc3 Ne5 9. Qd4 Nxf3+ 10. gxf3 e5 11. Qc4 Qxc4 12. Bxc4 Ne7 13. Rg1 g6 14. Bh6
a6 15. Rg5 f6 16. Rg1 b5 17. Bg7 Rf8 18. Bxf8 Kxf8 19. Bd5 Nxd5 20. exd5 Bb7
21. O-O-O Rc8 22. Kb2 Rc5 23. Rg3 Bxd5 24. Rh3 Kg7 25. f4 Be6 26. Rf3 Bg4 27.
Rfd3 Bxd1 28. Rxd7+ Kh6 29. Rxd1 exf4 30. Rd6 Kg5 31. Rxa6 Re5 32. Ra7 h5 33.
a4 bxa4 34. Rxa4 Re2 35. Ra5+ f5 36. c4 Rxf2 37. c5 Re2 38. c6 Re8 39. Rc5 f3
40. Rc3 Rc8 41. Rxf3 Rxc6 42. Kc1 Kf6 43. Kd2 g5 44. c3 g4 45. Rf1 Ke5 46. Rf2
h4 47. Kd3 g3 48. hxg3 hxg3 49. Rg2 f4 50. c4 Kf5 51. Kd4 Kg4 52. Kd5 Rc8 53.
c5 f3 54. Rc2 g2 55. Rc4+ Kg3 56. Rc1 f2 57. Rc3+ Kh2 58. Rc2 f1=Q 59. Rc1 Rd8+
60. Kc6 Qxc1 61. Kc7 Qxc5+ 62. Kxd8 Qa7 63. Ke8 Kg3 64. Kd8 Kf4 65. Ke8 g1=Q
66. Kf8 Qgg7+ 67. Ke8 Qae7# 0-1

[Event "22ème Open de Saint-Affrique"]
[Site "Saint Affrique (12)"]
[Date "2014.07.19"]
[Round "1.50"]
[White "Baudry, Remi"]
[Black "Zachary, Caroline"]
[Result "1-0"]
[WhiteElo "1770"]
[BlackElo "1307"]
[PlyCount "67"]
[EventDate "2014.??.??"]
[Source "Sylvain Rivier"]
[SourceDate "2014.07.26"]

1. d4 d5 2. Bg5 Nf6 3. e3 e6 4. Bd3 Be7 5. Nf3 Nbd7 6. O-O O-O 7. Nbd2 c5 8. c3
c4 9. Bc2 Re8 10. Qe2 b5 11. e4 Bb7 12. e5 Ng4 13. Bxe7 Qxe7 14. h3 Nh6 15. g4
Kh8 16. Ne1 Ng8 17. f4 f6 18. Ng2 g6 19. Qf2 f5 20. Ne3 Rf8 21. Qh2 Rf7 22. h4
h6 23. h5 g5 24. gxf5 gxf4 25. Rxf4 Rg7+ 26. Kh1 Rg5 27. f6 Qf7 28. Bg6 Qf8 29.
Nf3 Nxe5 30. Nxe5 Rxe5 31. dxe5 d4+ 32. Ng2 Bxg2+ 33. Qxg2 d3 34. Qb7 1-0

[Event "22ème Open de Saint-Affrique"]
[Site "Saint Affrique (12)"]
[Date "2014.07.19"]
[Round "1.51"]
[White "Gachon, Valentin"]
[Black "Costa, Anthony"]
[Result "0-1"]
[WhiteElo "1301"]
[BlackElo "1764"]
[PlyCount "80"]
[EventDate "2014.??.??"]
[Source "Sylvain Rivier"]
[SourceDate "2014.07.26"]

1. e4 c5 2. Nf3 Nc6 3. Bb5 e6 4. Nc3 Nge7 5. d4 cxd4 6. Nxd4 g6 7. f4 Bg7 8.
Nxc6 Nxc6 9. O-O Bxc3 10. bxc3 Qb6+ 11. Kh1 Qxb5 12. Qf3 f5 13. exf5 Qxf5 14.
Rf2 O-O 15. g4 Qa5 16. c4 d5 17. Bd2 Qc5 18. cxd5 Qxd5 19. Qxd5 exd5 20. h3 Be6
21. Rb1 b6 22. Re1 Rae8 23. Rfe2 Bd7 24. Rxe8 Rxe8 25. Rxe8+ Bxe8 26. Kg2 Kf7
27. Be3 Ke6 28. Kf3 d4 29. Bf2 Kd5 30. Bg3 Nb4 31. f5 gxf5 32. gxf5 Bh5+ 33.
Kf4 Nxc2 34. Kg5 Be8 35. Kh6 Ne3 36. f6 d3 37. Be1 Ke6 38. Bc3 Bg6 39. h4 Nd5
40. h5 Bxh5 0-1

[Event "22ème Open de Saint-Affrique"]
[Site "Saint Affrique (12)"]
[Date "2014.07.19"]
[Round "1.52"]
[White "Vignette, Jeanne"]
[Black "Audigier, Robert"]
[Result "1-0"]
[WhiteElo "1758"]
[BlackElo "1298"]
[PlyCount "59"]
[EventDate "2014.??.??"]
[Source "Sylvain Rivier"]
[SourceDate "2014.07.26"]

1. e4 c5 2. Nf3 e6 3. d4 cxd4 4. Nxd4 a6 5. Nc3 Qc7 6. a3 Nf6 7. Be2 Nc6 8. Be3
b5 9. O-O Bb7 10. f4 Nxd4 11. Qxd4 Be7 12. e5 Nd5 13. Nxd5 Bxd5 14. Bf3 Bxf3
15. Rxf3 f5 16. Rd1 Rd8 17. Rg3 O-O 18. c3 Rf7 19. Qb6 Qc4 20. Rd2 Qc6 21. Bf2
Qe4 22. Rgd3 Bh4 23. g3 Be7 24. Qxa6 Qc6 25. Qxc6 dxc6 26. Rxd8+ Bxd8 27. Rxd8+
Rf8 28. Rd6 Re8 29. Rxc6 Rd8 30. Bd4 1-0

[Event "22ème Open de Saint-Affrique"]
[Site "Saint Affrique (12)"]
[Date "2014.07.19"]
[Round "1.53"]
[White "Roubaud, Brennan"]
[Black "Bizeul, Pierre"]
[Result "0-1"]
[WhiteElo "1282"]
[BlackElo "1757"]
[PlyCount "72"]
[EventDate "2014.??.??"]
[Source "Sylvain Rivier"]
[SourceDate "2014.07.26"]

1. e4 b6 2. Nf3 Bb7 3. Nc3 e6 4. Bc4 Bb4 5. d3 Nf6 6. Bd2 O-O 7. e5 Ne8 8. a3
Be7 9. O-O f6 10. Re1 fxe5 11. Nxe5 Nc6 12. Nf3 Na5 13. Ba2 Bxf3 14. gxf3 Nd6
15. Ne4 Nf5 16. Bxa5 bxa5 17. Nd2 Rb8 18. Nc4 Nh4 19. Ne5 Kh8 20. Qd2 Bd6 21.
Qxa5 Bxe5 22. Rxe5 Nxf3+ 23. Kf1 Nxe5 24. Qxe5 Qh4 25. Qg3 Qxg3 26. hxg3 Rf3
27. Ke2 Rbf8 28. Rf1 g5 29. d4 h5 30. Ke1 h4 31. Rh1 Rxf2 32. gxh4 g4 33. Rg1
Rxc2 34. Rxg4 Rff2 35. Bb1 Rce2+ 36. Kd1 Rxb2 0-1

[Event "22ème Open de Saint-Affrique"]
[Site "Saint Affrique (12)"]
[Date "2014.07.19"]
[Round "1.54"]
[White "Vidal, Frederic"]
[Black "Grimault, Stephanie"]
[Result "1/2-1/2"]
[WhiteElo "1749"]
[BlackElo "1274"]
[PlyCount "105"]
[EventDate "2014.??.??"]
[Source "Sylvain Rivier"]
[SourceDate "2014.07.26"]

1. f4 e6 2. e4 b6 3. Nf3 Bb7 4. Nc3 c5 5. d4 h6 6. Be3 Be7 7. dxc5 bxc5 8. Bc4
Nc6 9. O-O Nf6 10. h3 O-O 11. e5 Nh7 12. Ne4 Na5 13. Nxc5 Bxf3 14. Be2 Bd5 15.
b3 Qc7 16. Nd3 Qc6 17. g4 f6 18. Qe1 Nb7 19. c4 Be4 20. Bd2 Nc5 21. Nb4 Qb7 22.
Qg3 Qb6 23. Kh2 a5 24. Nd3 Nb7 25. h4 d6 26. f5 dxe5 27. Nf2 Bc6 28. fxe6 Nc5
29. Be3 Rad8 30. Bd3 Bd6 31. Ne4 Rfe8 32. Nxd6 Rxd6 33. Bxh7+ Kxh7 34. Qf2 Qb4
35. a3 Qc3 36. Rac1 Qxb3 37. Bxc5 Rd3 38. Qc2 Qxc2+ 39. Rxc2 Rxe6 40. g5 Bd7
41. gxf6 gxf6 42. Rg2 Rc6 43. Be7 Bh3 44. Rfg1 Bxg2 45. Rxg2 f5 46. h5 Rxc4 47.
Bf6 Rc7 48. Bxe5 Rf7 49. Rc2 Kg8 50. Rc8+ Rf8 51. Rc7 Rf7 52. Rc8+ Rf8 53. Rc7
1/2-1/2

[Event "22ème Open de Saint-Affrique"]
[Site "Saint Affrique (12)"]
[Date "2014.07.19"]
[Round "1.55"]
[White "Combelle, Xavier"]
[Black "Hernandez, Lara"]
[Result "0-1"]
[WhiteElo "1270"]
[BlackElo "1732"]
[PlyCount "70"]
[EventDate "2014.??.??"]
[Source "Sylvain Rivier"]
[SourceDate "2014.07.26"]

1. e4 d6 2. d4 Nf6 3. Nc3 g6 4. Nf3 Bg7 5. Bc4 O-O 6. h3 c6 7. Bg5 b5 8. Bb3 b4
9. Bxf6 Bxf6 10. Na4 Qc7 11. c3 bxc3 12. bxc3 Ba6 13. c4 c5 14. Nc3 cxd4 15.
Nxd4 Qc5 16. Nde2 Bxc4 17. Rc1 Bxe2 18. Nxe2 Qb4+ 19. Qd2 Na6 20. Rc4 Qb7 21.
O-O Nc5 22. Qc2 Nxb3 23. axb3 Rfc8 24. Rc1 Rxc4 25. Qxc4 Rb8 26. Rb1 Rc8 27.
Qa4 Rc2 28. Rc1 Rxe2 29. Qe8+ Kg7 30. Rc8 Re1+ 31. Kh2 Be5+ 32. g3 Qxe4 33.
Qh8+ Kh6 34. Qf8+ Bg7 35. Rc4 Qh1# 0-1

[Event "22ème Open de Saint-Affrique"]
[Site "Saint Affrique (12)"]
[Date "2014.07.19"]
[Round "1.56"]
[White "De Muyser, Xavier"]
[Black "Bois D'Enghien, Noumea"]
[Result "1-0"]
[WhiteElo "1723"]
[BlackElo "1240"]
[PlyCount "99"]
[EventDate "2014.??.??"]
[Source "Sylvain Rivier"]
[SourceDate "2014.07.26"]

1. e4 e5 2. Bc4 Nc6 3. Nf3 Nf6 4. d4 Bd6 5. Nc3 a6 6. a4 O-O 7. O-O Re8 8. d5
Nb4 9. Bg5 h6 10. Bxf6 Qxf6 11. Ne2 a5 12. c3 Na6 13. Ng3 Bc5 14. Nf5 d6 15.
Ne3 Qg6 16. Nd2 Qg5 17. Qf3 Rf8 18. Nb3 f5 19. Nxc5 Nxc5 20. exf5 Bxf5 21. Qg3
Qh5 22. f3 Rf7 23. Rf2 Raf8 24. b4 axb4 25. cxb4 Nd3 26. Bxd3 Bxd3 27. Rd2 Bh7
28. a5 e4 29. fxe4 Bxe4 30. b5 Qg6 31. Qxg6 Bxg6 32. a6 bxa6 33. bxa6 Ra8 34.
Rb2 Rff8 35. Rb7 Rfc8 36. a7 Bd3 37. Rc1 Ba6 38. Rbxc7 Re8 39. Nf5 Kf8 40. Nxg7
Red8 41. Ne6+ Ke8 42. Nxd8 Kxd8 43. Rh7 Bd3 44. Rh8+ Kd7 45. Rxa8 Be4 46. Rd8+
Kxd8 47. a8=Q+ Kd7 48. Qc8+ Ke7 49. Qe6+ Kd8 50. Rc8# 1-0

[Event "22ème Open de Saint-Affrique"]
[Site "Saint Affrique (12)"]
[Date "2014.07.19"]
[Round "1.57"]
[White "Jackson, Sue"]
[Black "Flaujac, Benoit"]
[Result "0-1"]
[WhiteElo "1230"]
[BlackElo "1702"]
[PlyCount "86"]
[EventDate "2014.??.??"]
[Source "Sylvain Rivier"]
[SourceDate "2014.07.26"]

1. d4 Nf6 2. Bg5 d5 3. Bxf6 exf6 4. c3 Bd6 5. Nf3 O-O 6. e3 Re8 7. Bd3 Bg4 8.
h3 Bh5 9. Bf5 Nd7 10. Nbd2 Bg6 11. Nh4 Bf4 12. O-O Bg5 13. Ndf3 Bxh4 14. Nxh4
Nf8 15. Qd3 Qe7 16. Rae1 Bxf5 17. Nxf5 Qe4 18. Qxe4 Rxe4 19. f3 Re6 20. e4 Rae8
21. Ng3 Ng6 22. Kf2 Nf4 23. Re3 dxe4 24. Nxe4 f5 25. g3 Nd5 26. Re2 fxe4 27. f4
f5 28. Rg1 Kf7 29. h4 h5 30. a3 b5 31. Rc1 Nb6 32. b3 a5 33. c4 Rc6 34. Rec2
bxc4 35. bxc4 e3+ 36. Ke2 Re4 37. Kd3 e2 38. Rxe2 Rxe2 39. Kxe2 Rxc4 40. Rxc4
Nxc4 41. d5 Nb6 42. Kd3 Ke7 43. Kd4 Kd6 0-1

[Event "22ème Open de Saint-Affrique"]
[Site "Saint Affrique (12)"]
[Date "2014.07.19"]
[Round "1.58"]
[White "Lecoultre, Patrick"]
[Black "Flear, James C"]
[Result "1-0"]
[WhiteElo "1702"]
[BlackElo "1227"]
[PlyCount "47"]
[EventDate "2014.??.??"]
[Source "Sylvain Rivier"]
[SourceDate "2014.07.26"]

1. d4 d5 2. Nf3 Bf5 3. c4 dxc4 4. Qa4+ Nd7 5. Qxc4 e6 6. Nc3 Bd6 7. e4 Bg6 8.
Bg5 Ngf6 9. e5 h6 10. Bxf6 Nxf6 11. exd6 Qxd6 12. Nb5 Qf4 13. Nxc7+ Ke7 14.
Qc5+ Kd7 15. Bb5+ Kd8 16. Nxa8 Ne4 17. Qe5 Qxe5 18. dxe5 Ke7 19. Nc7 Rc8 20.
Rc1 Kd8 21. Nxe6+ fxe6 22. Rxc8+ Kxc8 23. Ke2 a6 24. Bd3 1-0

[Event "22ème Open de Saint-Affrique"]
[Site "Saint Affrique (12)"]
[Date "2014.07.19"]
[Round "1.59"]
[White "Van Den Brande, Norman"]
[Black "Zachary, Matheo"]
[Result "0-1"]
[WhiteElo "1210"]
[BlackElo "1701"]
[PlyCount "74"]
[EventDate "2014.??.??"]
[Source "Sylvain Rivier"]
[SourceDate "2014.07.26"]

1. d4 d5 2. Bf4 Nf6 3. e3 c5 4. Bd3 Nc6 5. c3 e6 6. Nf3 Be7 7. O-O Nh5 8. Qa4
Nxf4 9. exf4 Bd7 10. Qc2 h6 11. Nbd2 Rc8 12. Rfe1 cxd4 13. cxd4 Nxd4 14. Qd1
Nxf3+ 15. Qxf3 O-O 16. Nb3 Bf6 17. Rab1 a5 18. Re2 a4 19. Nd2 Qa5 20. a3 b5 21.
Nf1 b4 22. Bc2 Bb5 23. Rd2 Bxf1 24. Rxf1 b3 25. Bb1 Qxd2 26. f5 Rc1 27. fxe6
Rxf1+ 28. Kxf1 Qc1+ 29. Ke2 Qxb2+ 30. Kf1 Qxb1+ 31. Ke2 Qe4+ 32. Qxe4 dxe4 33.
Kd2 b2 34. Kc2 Rc8+ 35. Kd2 Bg5+ 36. Ke2 Rc2+ 37. Kd1 b1=Q# 0-1